|
|
|
|
| LEADER |
00000nam0a2200000 4500 |
| 001 |
262862 |
| 005 |
20231101233706.0 |
| 010 |
|
|
|a 9785769213106
|
| 010 |
|
|
|a 978-5-7692-0669-6
|
| 035 |
|
|
|a (RuTPU)RU\TPU\book\285845
|
| 090 |
|
|
|a 262862
|
| 100 |
|
|
|a 20140604d2013 k y0rusy50 ca
|
| 101 |
0 |
|
|a rus
|
| 102 |
|
|
|a RU
|
| 105 |
|
|
|a a z 001zy
|
| 200 |
1 |
|
|a Метаматериалы и структурно организованные среды для оптоэлектроники, СВЧ-техники и нанофотоники
|f Российская академия наук (РАН), Сибирское отделение (СО), Институт физики им. Л. В. Киренского (ИФ) ; Российская академия наук (РАН), Сибирское отделение (СО), Институт вычислительного моделирования (ИВМ) ; Российская академия наук (РАН), Сибирское отделение (СО), Институт геологии и минералогии ; Российская академия наук (РАН), Сибирское отделение (СО), Институт физики полупроводников (ИФП) ; Российская академия наук (РАН), Сибирское отделение (СО), Красноярский научный центр (КНЦ) ; Российская академия наук (РАН), Сибирское отделение (СО), Институт химии твердого тела и механохимии (ИХТТМ) ; под ред. ; под ред. В. Ф. Шабанова, В. Я.. Зырянова
|
| 210 |
|
|
|a Новосибирск
|c Изд-во СО РАН
|d 2013
|
| 215 |
|
|
|a 368 с.
|c ил.
|
| 225 |
1 |
|
|a Интеграционные проекты СО РАН
|v Вып. 44
|
| 320 |
|
|
|a Библиогр.: с. 348-365.
|
| 330 |
|
|
|a Монография посвящена исследованиям микро- и нанокомпозитных сред, уникальные свойства которых определяются спецификой их мезоскопического структурного упорядочения. Представлены результаты работы коллектива авторов в рамках интеграционного проекта СО РАН в 2009-2011 гг. Объектами теоретических и экспериментальных исследований являлись различные структурно организованные среды (метаматериалы, мультислойные структуры, опалы, композитные пленки и наноколлоиды, микрополосковые структуры), технологии их формирования, методы управления магнитными, оптическими и диэлектрическими свойствами. Книга предназначена специалистам по оптике и спектроскопии конденсированных сред, лазерной физике, оптоэлектронике, спинтронике, нанофотонике, материаловедению, СВЧ-технике, а также преподавателям, аспирантам и студентам соответствующих специальностей.
|
| 606 |
1 |
|
|a Электронное материаловедение
|2 stltpush
|3 (RuTPU)RU\TPU\subj\20416
|9 45522
|
| 610 |
1 |
|
|a оптоэлектроника
|
| 610 |
1 |
|
|a СВЧ-техника
|
| 610 |
1 |
|
|a нанофотоника
|
| 610 |
1 |
|
|a метаматериалы
|
| 610 |
1 |
|
|a поглощение
|
| 610 |
1 |
|
|a компенсация
|
| 610 |
1 |
|
|a нанокомпозитные среды
|
| 610 |
1 |
|
|a мезоскопическое структурное упорядочение
|
| 610 |
1 |
|
|a мультислойные структуры
|
| 610 |
1 |
|
|a композитные структуры
|
| 610 |
1 |
|
|a формирование
|
| 610 |
1 |
|
|a свойства
|
| 610 |
1 |
|
|a управление
|
| 610 |
1 |
|
|a монографии
|
| 675 |
|
|
|a 621.38.002.3
|v 3
|
| 702 |
|
1 |
|a Шабанов
|b В. Ф.
|4 340
|
| 702 |
|
1 |
|a Зырянов
|b В. Я..
|4 340
|
| 712 |
0 |
2 |
|a Российская академия наук (РАН)
|b Сибирское отделение (СО)
|b Институт физики им. Л. В. Киренского (ИФ)
|c (Красноярск)
|2 stltpush
|3 (RuTPU)RU\TPU\col\198
|
| 712 |
0 |
2 |
|a Российская академия наук (РАН)
|b Сибирское отделение (СО)
|b Институт вычислительного моделирования (ИВМ)
|c (Красноярск)
|2 stltpush
|3 (RuTPU)RU\TPU\col\2528
|
| 712 |
0 |
2 |
|a Российская академия наук (РАН)
|b Сибирское отделение (СО)
|b Институт геологии и минералогии
|2 stltpush
|3 (RuTPU)RU\TPU\col\11925
|
| 712 |
0 |
2 |
|a Российская академия наук (РАН)
|b Сибирское отделение (СО)
|b Институт физики полупроводников (ИФП)
|c (Новосибирск)
|2 stltpush
|3 (RuTPU)RU\TPU\col\197
|
| 712 |
0 |
2 |
|a Российская академия наук (РАН)
|b Сибирское отделение (СО)
|b Красноярский научный центр (КНЦ)
|c (1991- )
|2 stltpush
|3 (RuTPU)RU\TPU\col\6201
|
| 712 |
0 |
2 |
|a Российская академия наук (РАН)
|b Сибирское отделение (СО)
|b Институт химии твердого тела и механохимии (ИХТТМ)
|c (Новосибирск)
|c (1997- )
|2 stltpush
|3 (RuTPU)RU\TPU\col\11303
|
| 801 |
|
1 |
|a RU
|b 63413507
|c 20140604
|
| 801 |
|
2 |
|a RU
|b 63413507
|c 20160324
|g RCR
|
| 942 |
|
|
|c BK
|
| 959 |
|
|
|a 101/20140604
|d 1
|e 1100,00
|f ЧЗТЛ:1
|